Statistics for MLB American League Worst Record

Click here to take the quiz!

General Stats

  • This quiz has been taken 13 times
  • The average score is 63 of 124

Answer Stats

YearTeam% Correct
2023Oakland Athletics
100%
2022Oakland Athletics
89%
2021Baltimore Orioles
78%
2018Baltimore Orioles
78%
2016Minnesota Twins
78%
2003Detroit Tigers
67%
2019Detroit Tigers
67%
2012Minnesota Twins
67%
2015Oakland Athletics
67%
2020Texas Rangers
67%
2014Texas Rangers
67%
1988Baltimore Orioles
56%
2009Baltimore Orioles
56%
1926Boston Red Sox
56%
1927Boston Red Sox
56%
1928Boston Red Sox
56%
1929Boston Red Sox
56%
1930Boston Red Sox
56%
1932Boston Red Sox
56%
1925Boston Red Sox
56%
1923Boston Red Sox
56%
1922Boston Red Sox
56%
1994California Angels
56%
1974California Angels
56%
1948Chicago White Sox
56%
1971Cleveland Indians
56%
1985Cleveland Indians
56%
1987Cleveland Indians
56%
1991Cleveland Indians
56%
1969Cleveland Indians
56%
1975Detroit Tigers
56%
2017Detroit Tigers
56%
2002Detroit Tigers
56%
2013Houston Astros
56%
1960Kansas City Athletics
56%
1961Kansas City Athletics
56%
1964Kansas City Athletics
56%
1965Kansas City Athletics
56%
1967Kansas City Athletics
56%
1956Kansas City Athletics
56%
2004Kansas City Royals
56%
2005Kansas City Royals
56%
2011Minnesota Twins
56%
1982Minnesota Twins
56%
1993Oakland Athletics
56%
1997Oakland Athletics
56%
1935Philadelphia Athletics
56%
1921Philadelphia Athletics
56%
1942Philadelphia Athletics
56%
1920Philadelphia Athletics
56%
1954Philadelphia Athletics
56%
1941Philadelphia Athletics
56%
1940Philadelphia Athletics
56%
1919Philadelphia Athletics
56%
1918Philadelphia Athletics
56%
1936Philadelphia Athletics
56%
1950Philadelphia Athletics
56%
1945Philadelphia Athletics
56%
1938Philadelphia Athletics
56%
1943Philadelphia Athletics
56%
1917Philadelphia Athletics
56%
1916Philadelphia Athletics
56%
1915Philadelphia Athletics
56%
1946Philadelphia Athletics
56%
1986Seattle Mariners
56%
2008Seattle Mariners
56%
2010Seattle Mariners
56%
1978Seattle Mariners
56%
1992Seattle Mariners
56%
1980Seattle Mariners
56%
1983Seattle Mariners
56%
2006Tampa Bay Devil Rays
56%
2007Tampa Bay Devil Rays
56%
2002Tampa Bay Devil Rays
56%
1998Tampa Bay Devil Rays
56%
2001Tampa Bay Devil Rays
56%
1972Texas Rangers
56%
1973Texas Rangers
56%
1906Boston Americans
44%
1924Chicago White Sox
44%
1976Chicago White Sox
44%
1931Chicago White Sox
44%
1934Chicago White Sox
44%
1952Detroit Tigers
44%
1996Detroit Tigers
44%
1989Detroit Tigers
44%
1984Milwaukee Brewers
44%
1999Minnesota Twins
44%
2000Minnesota Twins
44%
1995Minnesota Twins
44%
1908New York Highlanders
44%
1912New York Highlanders
44%
1966New York Yankees
44%
1990New York Yankees
44%
1911St. Louis Browns
44%
1913St. Louis Browns
44%
1905St. Louis Browns
44%
1910St. Louis Browns
44%
1995Toronto Blue Jays
44%
1977Toronto Blue Jays
44%
1979Toronto Blue Jays
44%
1981Toronto Blue Jays
44%
1970Chicago White Sox
33%
1914Cleveland Naps
33%
1933St. Louis Browns
33%
1937St. Louis Browns
33%
1939St. Louis Browns
33%
1947St. Louis Browns
33%
1951St. Louis Browns
33%
1953St. Louis Browns
33%
1909Washington Senators
33%
1907Washington Senators
33%
1904Washington Senators
33%
1963Washington Senators
33%
1944Washington Senators
33%
1949Washington Senators
33%
1955Washington Senators
33%
1957Washington Senators
33%
1958Washington Senators
33%
1959Washington Senators
33%
1961Washington Senators
33%
1962Washington Senators
33%
1968Washington Senators
33%
1903Washington Senators
33%

Score Distribution

Percentile by Number Answered

Percent of People with Each Score

Your Score History

You have not taken this quiz